000 00306nam a22001337a 4500
008 170825b xxu||||| |||| 00| 0 eng d
020 _a9781457601897
041 _aeng
080 _24TH
_a070
100 _a39
101 _aMED
245 _aA POCKET GUIDE TO PUBLIC SPEAKING
_cO'HAIR,D
942 _2udc
_cBK
999 _c24994
_d24994